Vlaggen - Meerkeuze - Statistieken

Algemene statistieken
  • Deze quiz is 5.666 keer genomen
  • De gemiddelde score is 12 van 15
Antwoordstatistieken
Vraag Antwoord % Correct
Argentinië
96%
Turkije
94%
Denemarken
92%
Malta
91%
Bangladesh
90%
Noord-Korea
88%
Australië
85%
Polen
81%
Slowakije
80%
Tanzania
75%
Irak
73%
Ierland
71%
Bolivia
68%
Antigua en Barbuda
65%
Mali
60%
Geen overeenkomende quizzen gevonden
Scoreverdeling
Procent van Mensen met Elke Score
Percentiel versus Aantal Correcte Antwoorden
Uw Scoregeschiedenis
U heeft deze quiz nog niet genomen